000 00677nam a2200229 i 4500
001 C2-0233855
003 PPAK
005 20180727194527.0
008 010614s1985 si a|||| ||||| | eng d
040 _aPPAK
_beng
_cPPAK
_erda
082 0 4 _a759.95957
_223
090 0 0 _a759.95957
_bCHE
_dKSF
100 1 _aChen, Georgette,
_eauthor
245 1 0 _aPioneer artists of Singapore
264 1 _aSingapore :
_bMinistry of Community Development ,
_c1985
300 _a[n.p.] :
_bcolour illustrations ;
_c25 cm
336 _2rdacontent
_atext
337 _2rdamedia
_aunmediated
338 _2rdacarrier
_avolume
650 1 0 _aChen, Georgette, 1907 - Exhibitions
942 _ddc
_cB
999 _c50270
_d50270